| 000 | 00675nam a2200289 4500 | ||
|---|---|---|---|
| 999 |
_c3886 _d234390 |
||
| 020 | _a9505343590 | ||
| 080 | _a342 R 618 | ||
| 100 | _aRodriguez Varela, Alberto | ||
| 245 | _aHistoria de las Ideas Polìticas | ||
| 260 |
_aBuenos Aires _bA Z _c1995 |
||
| 300 | _a441 P. | ||
| 650 | _xderecho politico | ||
| 650 | _xideas politicas | ||
| 650 | _xSanto Tomas | ||
| 650 | _xcristianismo | ||
| 650 | _xAristoteles | ||
| 650 | _xRoma | ||
| 650 | _xMonarquia | ||
| 650 | _xLa Republica | ||
| 650 | _xPolibio | ||
| 650 | _xCiceron | ||
| 650 | _xfeudalismo | ||
| 650 | _xcruzadas | ||
| 650 | _xCiudad de Dios | ||
| 942 | _6_ | ||
| 945 |
_acd _d2015-05-12 |
||